<?xml version="1.0" encoding="UTF-8"?>
<record
    xmlns:xsi="http://www.w3.org/2001/XMLSchema-instance"
    xsi:schemaLocation="http://www.loc.gov/MARC21/slim http://www.loc.gov/standards/marcxml/schema/MARC21slim.xsd"
    xmlns="http://www.loc.gov/MARC21/slim">

  <leader>02096nam0a22003371  4500</leader>
  <controlfield tag="001">rc\213559</controlfield>
  <controlfield tag="005">20250620234152.0</controlfield>
  <datafield tag="010" ind1=" " ind2=" ">
    <subfield code="a">5-300-00034-5</subfield>
    <subfield code="b">&#x418;&#x437;&#x434;. &#x446;&#x435;&#x43D;&#x442;&#x440; "&#x422;&#x435;&#x440;&#x440;&#x430;"</subfield>
    <subfield code="9">10000</subfield>
  </datafield>
  <datafield tag="035" ind1=" " ind2=" ">
    <subfield code="a">(NLR Aleph) 005462827</subfield>
  </datafield>
  <datafield tag="090" ind1=" " ind2=" ">
    <subfield code="a">4971926</subfield>
    <subfield code="c">4971926</subfield>
  </datafield>
  <datafield tag="100" ind1=" " ind2=" ">
    <subfield code="a">20030307d1995    |||y0rusy50      ca</subfield>
  </datafield>
  <datafield tag="101" ind1="0" ind2=" ">
    <subfield code="a">rus</subfield>
  </datafield>
  <datafield tag="102" ind1=" " ind2=" ">
    <subfield code="a">RU</subfield>
  </datafield>
  <datafield tag="105" ind1=" " ind2=" ">
    <subfield code="a">a   |||||||||</subfield>
  </datafield>
  <datafield tag="200" ind1="1" ind2=" ">
    <subfield code="a">&#x414;&#x443;&#x440;&#x43D;&#x430;&#x44F; &#x43A;&#x43E;&#x43C;&#x43F;&#x430;&#x43D;&#x438;&#x44F;</subfield>
    <subfield code="e">[&#x421;&#x431;&#x43E;&#x440;&#x43D;&#x438;&#x43A;]</subfield>
    <subfield code="f">&#x42E;&#x440;. &#x42E;&#x440;&#x43A;&#x438;&#x43D;</subfield>
    <subfield code="g">[&#x412;&#x441;&#x442;&#x443;&#x43F;. &#x441;&#x442;. &#x412;.&#x41A;. &#x41A;&#x43E;&#x43D;&#x434;&#x440;&#x430;&#x442;&#x44C;&#x435;&#x432;&#x430;</subfield>
    <subfield code="g">&#x421;&#x43E;&#x441;&#x442;., &#x43F;&#x43E;&#x434;&#x433;&#x43E;&#x442;. &#x442;&#x435;&#x43A;&#x441;&#x442;&#x430; &#x438; &#x43F;&#x440;&#x438;&#x43C;&#x435;&#x447;. &#x41F;.&#x412;. &#x414;&#x43C;&#x438;&#x442;&#x440;&#x438;&#x435;&#x432;&#x430;, &#x413;.&#x410;. &#x41C;&#x43E;&#x440;&#x435;&#x432;&#x430;</subfield>
    <subfield code="g">&#x425;&#x443;&#x434;&#x43E;&#x436;. &#x410;. &#x41D;&#x43E;&#x437;&#x434;&#x440;&#x438;&#x43D;]</subfield>
  </datafield>
  <datafield tag="210" ind1=" " ind2=" ">
    <subfield code="a">[&#x41C;.]</subfield>
    <subfield code="c">&#x418;&#x437;&#x434;. &#x446;&#x435;&#x43D;&#x442;&#x440; "&#x422;&#x435;&#x440;&#x440;&#x430;"</subfield>
    <subfield code="a">&#x421;&#x41F;&#x431;.</subfield>
    <subfield code="c">&#x410;&#x437;&#x431;&#x443;&#x43A;&#x430;</subfield>
    <subfield code="d">1995</subfield>
  </datafield>
  <datafield tag="215" ind1=" " ind2=" ">
    <subfield code="a">508, [1] &#x441;.</subfield>
    <subfield code="c">&#x438;&#x43B;.</subfield>
    <subfield code="d">22</subfield>
  </datafield>
  <datafield tag="225" ind1="1" ind2=" ">
    <subfield code="a">&#x413;&#x430;&#x43B;&#x435;&#x440;&#x435;&#x44F;</subfield>
  </datafield>
  <datafield tag="327" ind1="1" ind2=" ">
    <subfield code="a">&#x421;&#x43E;&#x434;&#x435;&#x440;&#x436;.: &#x428;&#x432;&#x435;&#x434;&#x441;&#x43A;&#x438;&#x435; &#x43F;&#x435;&#x440;&#x447;&#x430;&#x442;&#x43A;&#x438;: &#x420;&#x43E;&#x43C;&#x430;&#x43D;; &#x414;&#x443;&#x440;&#x43D;&#x430;&#x44F; &#x43A;&#x43E;&#x43C;&#x43F;&#x430;&#x43D;&#x438;&#x44F;; &#x41A;&#x43B;&#x443;&#x431; &#x431;&#x43B;&#x430;&#x433;&#x43E;&#x442;&#x432;&#x43E;&#x440;&#x438;&#x442;&#x435;&#x43B;&#x44C;&#x43D;&#x44B;&#x445; &#x441;&#x43A;&#x435;&#x43B;&#x435;&#x442;&#x43E;&#x432;; &#x420;&#x430;&#x441;&#x441;&#x43A;&#x430;&#x437;&#x44B;, &#x43D;&#x430;&#x43F;&#x438;&#x441;&#x430;&#x43D;&#x43D;&#x44B;&#x435; &#x43D;&#x430; &#x41A;&#x438;&#x440;&#x43E;&#x447;&#x43D;&#x43E;&#x439; &#x443;&#x43B;., &#x432; &#x434;&#x43E;&#x43C;&#x435; &#x43F;&#x43E;&#x434; &#x2116; 48; &#x41D;&#x435;&#x441;&#x43E;&#x431;&#x440;&#x430;&#x43D;&#x43D;&#x430;&#x44F; &#x43F;&#x440;&#x43E;&#x437;&#x430;</subfield>
    <subfield code="a">&#x412; &#x43F;&#x440;&#x438;&#x43B;.: &#x41E; &#x42E;&#x440;&#x43E;&#x447;&#x43A;&#x435; / &#x41E;.&#x41D;. &#x413;&#x438;&#x43B;&#x44C;&#x434;&#x435;&#x431;&#x440;&#x430;&#x43D;&#x434;&#x442;</subfield>
  </datafield>
  <datafield tag="464" ind1=" " ind2="0">
    <subfield code="1">2001#$a&#x428;&#x432;&#x435;&#x434;&#x441;&#x43A;&#x438;&#x435; &#x43F;&#x435;&#x440;&#x447;&#x430;&#x442;&#x43A;&#x438;</subfield>
    <subfield code="t">&#x428;&#x432;&#x435;&#x434;&#x441;&#x43A;&#x438;&#x435; &#x43F;&#x435;&#x440;&#x447;&#x430;&#x442;&#x43A;&#x438;</subfield>
  </datafield>
  <datafield tag="464" ind1=" " ind2="0">
    <subfield code="1">2001#$a&#x414;&#x443;&#x440;&#x43D;&#x430;&#x44F; &#x43A;&#x43E;&#x43C;&#x43F;&#x430;&#x43D;&#x438;&#x44F;</subfield>
    <subfield code="t">&#x414;&#x443;&#x440;&#x43D;&#x430;&#x44F; &#x43A;&#x43E;&#x43C;&#x43F;&#x430;&#x43D;&#x438;&#x44F;</subfield>
  </datafield>
  <datafield tag="464" ind1=" " ind2="0">
    <subfield code="1">2001#$a&#x41A;&#x43B;&#x443;&#x431; &#x431;&#x43B;&#x430;&#x433;&#x43E;&#x442;&#x432;&#x43E;&#x440;&#x438;&#x442;&#x435;&#x43B;&#x44C;&#x43D;&#x44B;&#x445; &#x441;&#x43A;&#x435;&#x43B;&#x435;&#x442;&#x43E;&#x432;</subfield>
    <subfield code="t">&#x41A;&#x43B;&#x443;&#x431; &#x431;&#x43B;&#x430;&#x433;&#x43E;&#x442;&#x432;&#x43E;&#x440;&#x438;&#x442;&#x435;&#x43B;&#x44C;&#x43D;&#x44B;&#x445; &#x441;&#x43A;&#x435;&#x43B;&#x435;&#x442;&#x43E;&#x432;</subfield>
  </datafield>
  <datafield tag="464" ind1=" " ind2="0">
    <subfield code="1">2001#$a&#x420;&#x430;&#x441;&#x441;&#x43A;&#x430;&#x437;&#x44B;, &#x43D;&#x430;&#x43F;&#x438;&#x441;&#x430;&#x43D;&#x43D;&#x44B;&#x435; &#x43D;&#x430; &#x41A;&#x438;&#x440;&#x43E;&#x447;&#x43D;&#x43E;&#x439; &#x443;&#x43B;., &#x432; &#x434;&#x43E;&#x43C;&#x435; &#x43F;&#x43E;&#x434; &#x2116; 48</subfield>
    <subfield code="t">&#x420;&#x430;&#x441;&#x441;&#x43A;&#x430;&#x437;&#x44B;, &#x43D;&#x430;&#x43F;&#x438;&#x441;&#x430;&#x43D;&#x43D;&#x44B;&#x435; &#x43D;&#x430; &#x41A;&#x438;&#x440;&#x43E;&#x447;&#x43D;&#x43E;&#x439; &#x443;&#x43B;., &#x432; &#x434;&#x43E;&#x43C;&#x435; &#x43F;&#x43E;&#x434; &#x2116; 48</subfield>
  </datafield>
  <datafield tag="464" ind1=" " ind2="0">
    <subfield code="1">2001#$a&#x41D;&#x435;&#x441;&#x43E;&#x431;&#x440;&#x430;&#x43D;&#x43D;&#x430;&#x44F; &#x43F;&#x440;&#x43E;&#x437;&#x430;</subfield>
    <subfield code="t">&#x41D;&#x435;&#x441;&#x43E;&#x431;&#x440;&#x430;&#x43D;&#x43D;&#x430;&#x44F; &#x43F;&#x440;&#x43E;&#x437;&#x430;</subfield>
  </datafield>
  <datafield tag="464" ind1=" " ind2="0">
    <subfield code="1">2001#$a&#x41E; &#x42E;&#x440;&#x43E;&#x447;&#x43A;&#x435;</subfield>
    <subfield code="1">700#1$a&#x413;&#x438;&#x43B;&#x44C;&#x434;&#x435;&#x431;&#x440;&#x430;&#x43D;&#x434;&#x442;$b&#x41E;.&#x41D;.</subfield>
    <subfield code="t">&#x41E; &#x42E;&#x440;&#x43E;&#x447;&#x43A;&#x435;</subfield>
    <subfield code="a">&#x413;&#x438;&#x43B;&#x44C;&#x434;&#x435;&#x431;&#x440;&#x430;&#x43D;&#x434;&#x442;, &#x41E;.&#x41D;.</subfield>
  </datafield>
  <datafield tag="700" ind1=" " ind2="1">
    <subfield code="a">&#x42E;&#x440;&#x43A;&#x443;&#x43D;</subfield>
    <subfield code="b">&#x42E;.&#x418;.</subfield>
    <subfield code="f">1895-1938</subfield>
    <subfield code="g">&#x42E;&#x440;&#x438;&#x439; &#x418;&#x432;&#x430;&#x43D;&#x43E;&#x432;&#x438;&#x447;</subfield>
  </datafield>
  <datafield tag="801" ind1=" " ind2="0">
    <subfield code="a">RU</subfield>
    <subfield code="b">NLR</subfield>
    <subfield code="g">psbo</subfield>
  </datafield>
  <datafield tag="801" ind1=" " ind2="1">
    <subfield code="a">RU</subfield>
    <subfield code="b">ELAR</subfield>
    <subfield code="2">rusmarc</subfield>
  </datafield>
  <datafield tag="852" ind1=" " ind2=" ">
    <subfield code="a">NLR</subfield>
    <subfield code="j">95-3/5102</subfield>
  </datafield>
  <datafield tag="942" ind1=" " ind2=" ">
    <subfield code="c">BOOK</subfield>
  </datafield>
  <datafield tag="980" ind1=" " ind2=" ">
    <subfield code="a">NB</subfield>
  </datafield>
  <datafield tag="995" ind1=" " ind2=" ">
    <subfield code="5">2013-10-26</subfield>
    <subfield code="b">NLR01</subfield>
    <subfield code="c">NLR01</subfield>
    <subfield code="e">RF8</subfield>
    <subfield code="f">1-1403052</subfield>
    <subfield code="k">95-3/5102</subfield>
    <subfield code="o">0</subfield>
    <subfield code="r">BOOK</subfield>
    <subfield code="s">9535102_</subfield>
  </datafield>
  <datafield tag="995" ind1=" " ind2=" ">
    <subfield code="5">2014-03-18</subfield>
    <subfield code="a">az</subfield>
    <subfield code="b">NLR02</subfield>
    <subfield code="c">NLR02</subfield>
    <subfield code="e">NZ2</subfield>
    <subfield code="f">1-334789</subfield>
    <subfield code="k">&#x41D;&#x437;  &#x428;6(2=&#x420;)/&#x42E;-759</subfield>
    <subfield code="o">0</subfield>
    <subfield code="r">BOOK</subfield>
    <subfield code="s">_62759</subfield>
  </datafield>
</record>
